000 01186nam a2200325 i 4500
003 EG-GICUC
005 20260129033609.0
008 260117s2022 ua ||||fr|||| 00| 0 ara d
017 _a2020/1470
020 _a9789770491935
040 _a EG-GICUC
_bara
_c EG-GICUC
_d EG-GICUC
_erda
041 _aara
082 0 4 _221
_a343.39
_bأ ح . ا
092 0 4 _221
099 _aLaw1 10 343.39 أ ح . ا 1 ed - 2022
100 0 _aأحمد سيد أحمد السيد
_eمؤلف.
245 1 0 _aإستخدام الصورة في الإثبات الجنائي :
_cتأليف الدكتور أحمد سيد أحمد السيد.
250 _aالطبعة الاولى،
_b2022
264 1 _aالقاهرة :
_bدار النهضة العربية،
_c2022.
300 _a162 صفحة ;
_c24 سم.
336 _2rda content
_atext
337 _2rda media
_aComputer
338 _2rda carrier
_aOnline Resource
504 _aيشتمل على إرجاعات ببليوجرافية.
650 1 _aالقانون الجنائى
650 1 _aالإثبات الجنائي
856 4 0 _uhttps://fll.law.cu.edu.eg/fulltext/bks/B10-05969.pdf
905 _a43
_eYara
942 _2ddc
_n0
_cBK
_e21
999 _c57342
_d57342